[Event "Children of Asia"]
[Site "?"]
[Date "2016.07.07"]
[Round "1"]
[White "Tran, Minh Thang"]
[Black "Zakharov, Nikolay"]
[Result "1/2-1/2"]
[WhiteElo "2370"]
[BlackElo "2026"]
[PlyCount "88"]

1. d4 d5 2. Bf4 c5 3. e3 Nc6 4. c3 Qb6 5. Qc1 Nf6 6. Bd3 g6 7. Nd2 Bg7 8. Ngf3
O-O 9. h3 Nd7 10. O-O e5 11. dxe5 Ndxe5 12. Bc2 Nxf3+ 13. Nxf3 d4 14. exd4 cxd4
15. Bh6 dxc3 16. Bxg7 Kxg7 17. bxc3 Be6 18. Re1 Qc5 19. Bb3 Bf5 20. h4 Rad8 21.
h5 h6 22. Qb2 Bg4 23. c4+ Kh7 24. Ne5 Nxe5 25. Rxe5 Qd4 26. hxg6+ Kxg6 27. Qb1+
Kg7 28. Re4 Qd7 29. Qb2+ Kh7 30. Qf6 Qf5 31. Qc3 Qg6 32. Rae1 Rg8 33. g3 Bf5
34. Re7 Rd3 35. Qe5 Rg7 36. Bc2 Rf3 37. Bxf5 Rxf5 38. Qe4 Ra5 39. Rxb7 Rxa2 40.
Qd4 Qxg3+ 41. fxg3 Rxg3+ 42. Kf1 Rf3+ 43. Kg1 Rg3+ 44. Kh1 Rh3+ 1/2-1/2

[Event "Children of Asia"]
[Site "?"]
[Date "2016.07.07"]
[Round "1"]
[White "Koniahli, Malek"]
[Black "Gasimov, Parviz"]
[Result "0-1"]
[WhiteElo "1958"]
[BlackElo "2358"]
[PlyCount "76"]

1. d4 d5 2. Nf3 Nf6 3. Bf4 c5 4. e3 Nc6 5. c3 Qb6 6. Qc1 Bf5 7. Nh4 Bd7 8. Bd3
g6 9. Nf3 Bg7 10. h3 O-O 11. Nbd2 Rac8 12. Rb1 cxd4 13. Nxd4 Nb4 14. Be2 Nh5
15. N2f3 Nxf4 16. exf4 Nc6 17. Qd2 Nxd4 18. cxd4 Bf5 19. Bd3 Qe6+ 20. Kf1 Bxd3+
21. Qxd3 Qe4 22. Rd1 Rc2 23. Qe3 Rfc8 24. Re1 Rxb2 25. Kg1 Qxe3 26. Rxe3 Rcc2
27. Rxe7 Rxf2 28. Re8+ Bf8 29. Rh2 Kg7 30. g4 Rxh2 31. Nxh2 Rxa2 32. Rd8 b5 33.
Rxd5 b4 34. Rb5 a5 35. Nf3 a4 36. Kf1 a3 37. Ke1 Rb2 38. Ra5 a2 0-1

[Event "Children of Asia"]
[Site "?"]
[Date "2016.07.07"]
[Round "1"]
[White "Ergeshov, Timur"]
[Black "Tagiran, Gilbert Elroy"]
[Result "0-1"]
[WhiteElo "2257"]
[BlackElo "1914"]
[PlyCount "48"]

1. d4 d5 2. c4 c6 3. cxd5 cxd5 4. Nc3 Nf6 5. Bf4 e6 6. e3 Bd6 7. Bxd6 Qxd6 8.
Bd3 O-O 9. f4 b6 10. Qe2 Nc6 11. a3 Bb7 12. Nf3 Rac8 13. O-O Na5 14. Ne5 Qe7
15. Rac1 Ne4 16. Bxe4 dxe4 17. b4 Nc6 18. Rc2 a5 19. Nxc6 Rxc6 20. b5 Rc7 21.
a4 Rfc8 22. Rfc1 Qb4 23. Qd2 Bd5 24. Rb1 Qxb1+ 0-1

[Event "Children of Asia"]
[Site "?"]
[Date "2016.07.07"]
[Round "1"]
[White "Serdbekov, Arzybek"]
[Black "Miciano, John Marvin"]
[Result "0-1"]
[WhiteElo "1890"]
[BlackElo "2251"]
[PlyCount "79"]

1. e4 c5 2. Nc3 Nc6 3. Nf3 e6 4. d4 cxd4 5. Nxd4 a6 6. Be3 Qc7 7. Qd2 Nf6 8. f3
b5 9. Bd3 Bb7 10. O-O Nxd4 11. Bxd4 Bc5 12. Qe3 d6 13. Rad1 e5 14. Bxc5 Qxc5
15. Rfe1 Ke7 16. a3 g5 17. h3 h5 18. Qxc5 dxc5 19. Nd5+ Nxd5 20. exd5 Kd6 21.
c4 bxc4 22. Bxc4 a5 23. a4 Ba6 24. Ba2 Rab8 25. Rd2 Rb4 26. Re4 Rhb8 27. b3 Rd4
28. Rexd4 cxd4 29. Kf2 Bb7 30. Kg3 Bxd5 31. h4 f6 32. Bb1 gxh4+ 33. Kxh4 Rxb3
34. Bg6 Bc4 35. Kxh5 d3 36. Be4 Kc5 37. Kg6 Kd4 38. Kxf6 Rb6+ 39. Kf5 Ke3 40.
Bxd3 0-1

[Event "Children of Asia"]
[Site "?"]
[Date "2016.07.07"]
[Round "1"]
[White "Garidmagnai, Byambasuren"]
[Black "Kaluarachchi, Achinthya Shamen"]
[Result "1-0"]
[WhiteElo "2185"]
[BlackElo "1876"]
[PlyCount "131"]

1. d4 Nf6 2. c4 d6 3. Nc3 g6 4. e4 Bg7 5. Be2 O-O 6. Nf3 Nbd7 7. O-O e5 8. Be3
c6 9. Qc2 Qe7 10. Rad1 Re8 11. d5 c5 12. Ne1 Nf8 13. Nd3 N6d7 14. b4 b6 15.
bxc5 bxc5 16. Nb5 Nb6 17. a4 a6 18. Nxd6 Qxd6 19. Bxc5 Qd8 20. Bxb6 Qxb6 21. c5
Qa5 22. c6 Rd8 23. Nc5 Rd6 24. Rb1 Bf6 25. h3 h5 26. Nb3 Qc7 27. Nd2 Be7 28.
Nc4 Rf6 29. Nb6 Ra7 30. Rb2 a5 31. Nxc8 Qxc8 32. Rb5 Bb4 33. Qb2 Qc7 34. f4
Rxf4 35. Rxf4 exf4 36. e5 Ra8 37. Rb7 Bc5+ 38. Kh1 Qd8 39. c7 Qxd5 40. Rb8 Ba7
41. Rxa8 Qxa8 42. Bf3 Qe8 43. Qc1 Qc8 44. Bb7 Qxb7 45. c8=Q Qxc8 46. Qxc8 Bb6
47. Qc6 Bd8 48. Qe8 Bb6 49. Qb8 Bc5 50. e6 fxe6 51. Qxf4 Bb4 52. Kh2 Kg7 53.
Kg3 Nh7 54. Qc7+ Kh6 55. Kf3 Ng5+ 56. Ke3 Nh7 57. Ke4 Ng5+ 58. Ke5 Be1 59. Kf6
Ne4+ 60. Kxe6 Ng5+ 61. Kf6 Bc3+ 62. Ke7 Bb4+ 63. Ke8 Nh7 64. Kf7 Bd2 65. h4 Bb4
66. Qc1+ 1-0

[Event "Children of Asia"]
[Site "?"]
[Date "2016.07.07"]
[Round "1"]
[White "Sylyev, Nedir"]
[Black "Mohammad, Fahad Rahman"]
[Result "1-0"]
[WhiteElo "1855"]
[BlackElo "2156"]
[PlyCount "77"]

1. e4 c5 2. Nf3 e6 3. d4 cxd4 4. Nxd4 Nf6 5. Nc3 Bb4 6. e5 Ne4 7. Qd3 Bxc3+ 8.
bxc3 Qc7 9. Nb5 Qc6 10. Ba3 Na6 11. f3 Nec5 12. Nd6+ Kf8 13. Qe3 Kg8 14. Bb5
Qc7 15. Qf4 h6 16. Qxf7+ Kh7 17. O-O Qa5 18. Bxc5 Nxc5 19. Ne4 Nxe4 20. Bd3
Qc5+ 21. Kh1 Rf8 22. Bxe4+ Kh8 23. Qg6 Kg8 24. Qh7+ Kf7 25. Bg6+ Ke7 26. Qxg7+
Kd8 27. Qxh6 b6 28. Be4 Rb8 29. Rad1 Kc7 30. Qg7 Rd8 31. Rd6 Ba6 32. Rfd1 Bb5
33. Rxe6 Rg8 34. Qe7 Qf2 35. Rxd7+ Bxd7 36. Rc6+ Kb7 37. Qxd7+ Ka6 38. Bd3+ Ka5
39. Qxa7# 1-0

[Event "Children of Asia"]
[Site "?"]
[Date "2016.07.07"]
[Round "1"]
[White "Nguyen, Dang Hong Phuc"]
[Black "Kazimov, Farhan"]
[Result "1-0"]
[WhiteElo "2147"]
[BlackElo "1831"]
[PlyCount "105"]

1. d4 Nf6 2. Nf3 g6 3. g3 Bg7 4. Bg2 d6 5. O-O O-O 6. c4 Nbd7 7. Nc3 e5 8. Qc2
c6 9. Rd1 Qc7 10. b3 Re8 11. e4 Nf8 12. h3 Be6 13. Be3 a6 14. a4 Rec8 15. a5
Ne8 16. dxe5 dxe5 17. Na4 Qxa5 18. Nb6 Qb4 19. Ra4 Qe7 20. Nxa8 Rxa8 21. Qc3
Nd7 22. Ng5 h6 23. Nxe6 Qxe6 24. Qd2 Ndf6 25. Bxh6 b5 26. Ra5 bxc4 27. Bxg7
Kxg7 28. bxc4 Qxc4 29. Rxe5 Qb3 30. Rc1 Rc8 31. Rec5 Qe6 32. e5 Ng8 33. Rxc6
Rxc6 34. Rxc6 Qxe5 35. Qc3 Qxc3 36. Rxc3 Ne7 37. Bb7 a5 38. Ra3 Nd6 39. Bg2 Nc4
40. Ra4 Nd6 41. Rxa5 Ndf5 42. Kh2 Nc8 43. g4 Nfe7 44. Kg3 Nd6 45. Ra7 Ng8 46.
Rd7 Nb5 47. Bd5 Nh6 48. Kf4 Nc3 49. Bc4 g5+ 50. Kxg5 Ne4+ 51. Kf4 Nxf2 52. Bxf7
Ng8 53. Rd2 1-0

[Event "Children of Asia"]
[Site "?"]
[Date "2016.07.07"]
[Round "1"]
[White "Bold, Khosbayar"]
[Black "Mestnikov, Aisen"]
[Result "1-0"]
[WhiteElo "1768"]
[BlackElo "2125"]
[PlyCount "47"]

1. e4 d6 2. d4 g6 3. Nc3 Bg7 4. Nf3 Nf6 5. Be3 c6 6. Qd2 b5 7. Bd3 O-O 8. O-O
Bb7 9. Bh6 Nfd7 10. Ne2 Re8 11. Bxg7 Kxg7 12. Ne1 e5 13. c3 Qb6 14. Kh1 d5 15.
exd5 e4 16. dxc6 exd3 17. cxb7 dxe2 18. Qxe2 Rxe2 19. bxa8=Q Nc6 20. Qc8 Nf6
21. Nd3 Ne7 22. Qh3 Nf5 23. Qf3 Re8 24. Rae1 1-0

[Event "Children of Asia"]
[Site "?"]
[Date "2016.07.07"]
[Round "1"]
[White "Kalabukhov, Bogdan"]
[Black "Spiridonov, Vladislav"]
[Result "1-0"]
[WhiteElo "2133"]
[BlackElo "1700"]
[PlyCount "69"]

1. d4 Nf6 2. c4 e6 3. g3 d5 4. Nf3 b6 5. Bg2 Bb7 6. cxd5 exd5 7. O-O Bd6 8. Bg5
Nbd7 9. Nc3 h6 10. Bxf6 Nxf6 11. b4 O-O 12. Qb3 Qe7 13. a3 a5 14. b5 Ne4 15.
Nxe4 Qxe4 16. e3 a4 17. Qb2 Qe8 18. Nd2 Ra5 19. Rfb1 Qe6 20. Rc1 Qe8 21. Rcb1
Qa8 22. Rc1 Qe8 23. Bf1 Bc8 24. Nb1 Bg4 25. Nc3 Bf3 26. Bg2 Bxg2 27. Kxg2 Qe6
28. Qa2 Rc8 29. Qe2 c6 30. bxc6 Rxc6 31. Nb5 Qc8 32. Nxd6 Qd7 33. Rxc6 Qxc6 34.
Nf5 Qd7 35. Qg4 1-0

[Event "Children of Asia"]
[Site "?"]
[Date "2016.07.07"]
[Round "1"]
[White "Herath, Nipuna B B"]
[Black "Mestnikov, Aytal"]
[Result "0-1"]
[WhiteElo "2125"]
[BlackElo "1602"]
[PlyCount "98"]

1. e4 c6 2. d4 d5 3. Nc3 dxe4 4. Nxe4 Bf5 5. Ng3 Bg6 6. Nf3 Nd7 7. h4 h6 8. h5
Bh7 9. Bd3 Bxd3 10. Qxd3 e6 11. Bf4 Qa5+ 12. Bd2 Qc7 13. Ne4 Ngf6 14. O-O-O
Nxe4 15. Qxe4 Nf6 16. Qe2 O-O-O 17. Kb1 Bd6 18. Rh4 Rhe8 19. Qc4 Nd5 20. Qa4 b5
21. Qb3 b4 22. c4 bxc3 23. bxc3 Kd7 24. Ka1 Rb8 25. Qc2 Ke7 26. Rg4 Rg8 27. Re1
c5 28. Rge4 c4 29. Ne5 Rb6 30. Qa4 Bxe5 31. Rxe5 Rgb8 32. Rxd5 Qb7 33. Qa3+ Kf6
34. Qc1 Qxd5 35. Bf4 Rb1+ 36. Qxb1 Rxb1+ 37. Rxb1 Qxg2 38. Be3 a5 39. a3 Qf3
40. Rc1 Qxh5 41. Rb1 Qf3 42. Ka2 h5 43. Rb5 h4 44. Bg5+ Kg6 45. Bxh4 Qxc3 46.
Rg5+ Kh6 47. Rg3 Qc2+ 48. Ka1 c3 49. Bg5+ Kh7 0-1

[Event "Children of Asia"]
[Site "?"]
[Date "2016.07.07"]
[Round "1"]
[White "Dubinin, Alexsandr"]
[Black "Arfan, Aditya Bagus"]
[Result "1-0"]
[WhiteElo "2121"]
[BlackElo "1398"]
[PlyCount "69"]

1. e4 c6 2. d4 d5 3. e5 Bf5 4. Nf3 e6 5. Be2 Bg6 6. O-O Nd7 7. Nbd2 Nh6 8. Nb3
Nf5 9. Bd2 Be7 10. g4 Nh6 11. Ne1 a6 12. f4 Be4 13. Be3 c5 14. Nxc5 Nxc5 15.
dxc5 Qa5 16. Qd4 Rc8 17. b4 Qc7 18. Nd3 f5 19. h3 fxg4 20. hxg4 Rg8 21. Nf2
Bxc2 22. Rac1 Ba4 23. Bd3 g5 24. f5 Nf7 25. f6 Nxe5 26. Nh1 Bf8 27. Qxe5 Qxe5
28. f7+ Kd7 29. fxg8=Q Qxe3+ 30. Kg2 Qxd3 31. Rce1 Qd2+ 32. Nf2 d4 33. Qf7+ Kc6
34. Rxe6+ Kb5 35. Rb6# 1-0

[Event "Children of Asia"]
[Site "?"]
[Date "2016.07.07"]
[Round "1"]
[White "Mohamed, Noor Rilwan"]
[Black "Bezotechestvo, Konstantin"]
[Result "0-1"]
[WhiteElo "1252"]
[BlackElo "2117"]
[PlyCount "98"]

1. e4 e5 2. Nf3 Nc6 3. Bc4 Bc5 4. b4 Bxb4 5. c3 Ba5 6. d4 exd4 7. O-O d6 8. Qb3
Qe7 9. cxd4 Bb6 10. e5 Na5 11. Qa4+ Bd7 12. Bb5 d5 13. Bg5 Bxb5 14. Qxb5+ Qd7
15. Nc3 Qxb5 16. Nxb5 Ne7 17. Nc3 c6 18. Rfe1 Nf5 19. Rad1 h6 20. Bc1 O-O 21.
Na4 Nc4 22. Nb2 Na3 23. Re2 Nb5 24. Red2 Nc3 25. Re1 Nxa2 26. Na4 Nxc1 27. Rxc1
Rab8 28. Rb1 Ba5 29. Re2 b6 30. Rc1 Rbc8 31. e6 fxe6 32. Rxe6 Rf6 33. Rxf6 gxf6
34. g4 Nd6 35. Nh4 Kf7 36. f4 Bb4 37. Kf2 c5 38. dxc5 bxc5 39. Nb2 Ba3 40. Rb1
Rb8 41. Nc4 Rxb1 42. Nxd6+ Ke6 43. Ndf5 d4 44. Nxh6 Rb2+ 45. Kg3 d3 46. N6f5 d2
47. Ne3 Rb3 48. Kf2 Rxe3 49. Kxe3 d1=Q 0-1

[Event "detiasii2b"]
[Site "?"]
[Date "2016.07.08"]
[Round "2.1"]
[White "Gasimov, Parviz"]
[Black "Dubinin, Alexsandr"]
[Result "1-0"]
[BlackElo "2121"]
[WhiteElo "2358"]
[LiveChessVersion "1.4.8"]

1. e4 {[%clk 1:30:54]} c5 {[%clk 1:30:36]} 2. Nf3 {[%clk 1:31:11]} Nc6
{[%clk 1:30:49]} 3. Bb5 {[%clk 1:31:27]} e6 {[%clk 1:30:53]} 4. O-O
{[%clk 1:31:36]} Nge7 {[%clk 1:30:47]} 5. c3 {[%clk 1:31:37]} a6 {[%clk 1:30:28]}
6. Ba4 {[%clk 1:32:00]} b5 {[%clk 1:30:13]} 7. Bc2 {[%clk 1:31:55]} Bb7
{[%clk 1:29:58]} 8. Qe2 {[%clk 1:31:02]} Rc8 {[%clk 1:21:38]} 9. d4 cxd4
{[%clk 1:19:20]} 10. cxd4 {[%clk 1:14:20]} Qc7 {[%clk 1:13:53]} 11. Nc3
{[%clk 1:02:28]} Ng6 {[%clk 1:07:31]} 12. Be3 {[%clk 0:58:25]} Na5
{[%clk 1:04:07]} 13. Rac1 {[%clk 0:52:28]} Nc4 {[%clk 1:01:32]} 14. Bb1
{[%clk 0:46:20]} Nxe3 {[%clk 1:00:27]} 15. Qxe3 {[%clk 0:38:22]} Qf4
{[%clk 0:59:36]} 16. Ne2 {[%clk 0:35:04]} Qxe3 {[%clk 0:54:02]} 17. Rxc8+
{[%clk 0:34:41]} Bxc8 {[%clk 0:53:37]} 18. fxe3 {[%clk 0:35:09]} Bb7
{[%clk 0:50:47]} 19. Rc1 {[%clk 0:31:14]} Bd6 {[%clk 0:49:38]} 20. e5
{[%clk 0:29:50]} Bb8 {[%clk 0:48:15]} 21. Ng5 {[%clk 0:28:47]} O-O
{[%clk 0:36:45]} 22. Ne4 {[%clk 0:24:14]} f6 {[%clk 0:33:31]} 23. Nc5
{[%clk 0:22:28]} Bc8 {[%clk 0:33:28]} 24. exf6 {[%clk 0:22:56]} gxf6
{[%clk 0:31:35]} 25. a3 {[%clk 0:20:28]} Kf7 {[%clk 0:24:18]} 26. b4
{[%clk 0:18:54]} Ke7 {[%clk 0:22:20]} 27. Ba2 Rg8 {[%clk 0:19:21]} 28. g3
{[%clk 0:14:37]} h5 {[%clk 0:17:44]} 29. d5 {[%clk 0:14:37]} h4 {[%clk 0:14:57]}
30. dxe6 {[%clk 0:13:36]} d6 {[%clk 0:10:07]} 31. Nd3 {[%clk 0:06:22]} hxg3
{[%clk 0:09:42]} 32. hxg3 {[%clk 0:03:17]} Ne5 {[%clk 0:09:54]} 33. Ndf4
{[%clk 0:03:20]} Bb7 {[%clk 0:09:31]} 34. Nd4 {[%clk 0:03:33]} Rxg3+
{[%clk 0:08:42]} 35. Kf1 {[%clk 0:02:36]} Rg5 {[%clk 0:08:45]} 36. Bd5
{[%clk 0:02:08]} Nd3 {[%clk 0:06:54]} 37. Bxb7 {[%clk 0:02:26]} Nxc1
{[%clk 0:06:22]} 38. Nc6+ {[%clk 0:02:54]} Ke8 {[%clk 0:06:10]} 39. Nxb8
{[%clk 0:03:02]} Na2 {[%clk 0:05:00]} 40. Nd5 {[%clk 0:01:49]} Rf5+
{[%clk 0:03:20]} 41. Ke1 {[%clk 0:02:01]} Rxd5 {[%clk 0:03:24]} 42. Bxd5
{[%clk 0:02:20]} Nc3 {[%clk 0:03:49]} 43. Bb7 {[%clk 0:01:46]} Ke7
{[%clk 0:03:13]} 44. Bc8 {[%clk 0:02:02]} Nd5 {[%clk 0:02:07]} 45. Nc6+
{[%clk 0:02:22]} Ke8 {[%clk 0:01:49]} 46. Bd7+ {[%clk 0:02:49]} Kf8
{[%clk 0:02:09]} 47. e7+ {[%clk 0:03:12]} Nxe7 {[%clk 0:02:33]} 48. Nxe7
{[%clk 0:03:39]} Kxe7 {[%clk 0:02:47]} 49. Bc8 {[%clk 0:04:04]} 1-0

[Event "detiasii2b"]
[Site "?"]
[Date "2016.07.08"]
[Round "2.2"]
[White "Miciano, John Marvin"]
[Black "Sezdbekov, Ruslan"]
[Result "1/2-1/2"]
[BlackElo "2043"]
[WhiteElo "2251"]
[LiveChessVersion "1.4.8"]

1. e4 {[%clk 1:29:09]} e5 {[%clk 1:30:49]} 2. Nf3 {[%clk 1:28:35]} Nc6
{[%clk 1:24:39]} 3. Bb5 {[%clk 1:28:23]} a6 {[%clk 1:25:04]} 4. Ba4
{[%clk 1:23:58]} Nf6 {[%clk 1:25:21]} 5. O-O {[%clk 1:24:18]} b5 {[%clk 1:25:25]}
6. Bb3 {[%clk 1:24:40]} Be7 {[%clk 1:25:47]} 7. Re1 {[%clk 1:24:32]} O-O
{[%clk 1:25:51]} 8. c3 {[%clk 1:23:07]} d5 {[%clk 1:24:26]} 9. exd5
{[%clk 1:22:55]} Nxd5 {[%clk 1:24:50]} 10. Nxe5 {[%clk 1:22:34]} Nxe5
{[%clk 1:25:11]} 11. Rxe5 {[%clk 1:22:58]} c6 {[%clk 1:25:31]} 12. d4
{[%clk 1:22:00]} Bd6 {[%clk 1:23:33]} 13. Re1 {[%clk 1:22:10]} Qh4
{[%clk 1:20:33]} 14. g3 {[%clk 1:22:31]} Qh3 {[%clk 1:20:17]} 15. Bxd5
{[%clk 1:20:30]} cxd5 {[%clk 1:19:39]} 16. Qf3 {[%clk 1:20:52]} Bg4
{[%clk 1:15:45]} 17. Qxd5 {[%clk 1:19:58]} Rad8 {[%clk 1:13:30]} 18. Be3
{[%clk 0:45:51]} Ba3 {[%clk 1:09:01]} 19. Qg2 {[%clk 0:44:58]} Qxg2+
{[%clk 1:03:27]} 20. Kxg2 {[%clk 0:45:22]} Bxb2 {[%clk 1:03:53]} 21. Nd2
{[%clk 0:45:12]} Bxc3 {[%clk 1:03:44]} 22. Rac1 {[%clk 0:45:19]} Bxd2
{[%clk 1:03:09]} 23. Bxd2 {[%clk 0:44:42]} Rxd4 {[%clk 1:03:14]} 24. Be3
{[%clk 0:43:26]} Rd3 {[%clk 0:59:06]} 25. Bc5 {[%clk 0:35:23]} Rc8
{[%clk 0:58:57]} 26. Re3 {[%clk 0:34:34]} Rxe3 {[%clk 0:57:40]} 27. Bxe3
{[%clk 0:33:25]} Rxc1 {[%clk 0:50:50]} 28. Bxc1 {[%clk 0:33:49]} b4
{[%clk 0:50:32]} 29. Bd2 {[%clk 0:33:23]} a5 {[%clk 0:50:11]} 30. Be3
{[%clk 0:32:50]} Be6 {[%clk 0:48:51]} 31. Bb6 {[%clk 0:33:14]} Bxa2
{[%clk 0:49:03]} 32. Bxa5 {[%clk 0:33:36]} Bd5+ {[%clk 0:49:29]} 33. f3
{[%clk 0:32:59]} b3 {[%clk 0:49:57]} 34. Bc3 {[%clk 0:33:24]} Kf8
{[%clk 0:49:56]} 35. Kf2 {[%clk 0:33:48]} g6 {[%clk 0:50:00]} 36. h4
{[%clk 0:33:25]} Ke7 {[%clk 0:48:25]} 37. Ke3 {[%clk 0:33:28]} Kd6
{[%clk 0:48:33]} 38. g4 {[%clk 0:33:27]} 1/2-1/2

[Event "detiasii2b"]
[Site "?"]
[Date "2016.07.08"]
[Round "2.3"]
[White "Sin, Denis"]
[Black "Sylyev, Nedir"]
[Result "1/2-1/2"]
[BlackElo "1855"]
[WhiteElo "2214"]
[LiveChessVersion "1.4.8"]

1. d4 {[%clk 1:30:57]} Nf6 {[%clk 1:30:53]} 2. c4 {[%clk 1:31:21]} e5
{[%clk 1:31:18]} 3. dxe5 {[%clk 1:31:44]} Ng4 {[%clk 1:31:42]} 4. Nf3
{[%clk 1:32:00]} Bc5 {[%clk 1:32:05]} 5. e3 {[%clk 1:32:24]} Nc6 {[%clk 1:32:30]}
6. Be2 {[%clk 1:31:58]} O-O {[%clk 1:32:44]} 7. O-O {[%clk 1:31:58]} Ngxe5
{[%clk 1:33:06]} 8. a3 {[%clk 1:28:36]} a5 {[%clk 1:33:27]} 9. Nc3
{[%clk 1:28:29]} Re8 {[%clk 1:33:17]} 10. b3 {[%clk 1:26:37]} d6 {[%clk 1:24:21]}
11. Bb2 {[%clk 1:22:25]} Re6 {[%clk 1:06:25]} 12. Na4 {[%clk 1:03:12]} Ba7
{[%clk 1:04:47]} 13. c5 {[%clk 1:00:38]} d5 {[%clk 0:56:42]} 14. Nxe5
{[%clk 0:48:16]} Nxe5 {[%clk 0:56:46]} 15. Qd4 {[%clk 0:48:36]} f6
{[%clk 0:52:25]} 16. Rfd1 {[%clk 0:47:37]} c6 {[%clk 0:50:37]} 17. e4
{[%clk 0:45:57]} Re8 {[%clk 0:44:31]} 18. f4 {[%clk 0:27:54]} Nd7
{[%clk 0:35:42]} 19. Bf3 {[%clk 0:23:16]} dxe4 {[%clk 0:31:17]} 20. Qc4+
{[%clk 0:15:57]} Kh8 {[%clk 0:31:30]} 21. Bh5 {[%clk 0:15:08]} Rf8
{[%clk 0:26:37]} 22. f5 {[%clk 0:11:31]} Qe7 {[%clk 0:25:30]} 23. b4
{[%clk 0:11:38]} axb4 {[%clk 0:25:34]} 24. axb4 {[%clk 0:12:03]} b5
{[%clk 0:25:43]} 25. cxb6 {[%clk 0:12:29]} Nxb6 {[%clk 0:26:06]} 26. Nxb6 Bxb6+
{[%clk 0:26:34]} 27. Kh1 {[%clk 0:13:12]} Rxa1 {[%clk 0:26:55]} 28. Rxa1
{[%clk 0:13:12]} Bxf5 {[%clk 0:24:57]} 29. Qxc6 {[%clk 0:11:40]} Qxb4
{[%clk 0:23:14]} 30. Ba3 {[%clk 0:10:09]} Qa5 {[%clk 0:23:29]} 31. Qd6
{[%clk 0:10:26]} Rd8 {[%clk 0:22:39]} 32. Qe7 {[%clk 0:10:49]} Qa7
{[%clk 0:21:04]} 33. Qxa7 {[%clk 0:10:04]} Bxa7 {[%clk 0:21:32]} 34. Be7
{[%clk 0:10:05]} Rd7 {[%clk 0:21:55]} 35. Bc5 {[%clk 0:09:58]} Bb8
{[%clk 0:20:52]} 36. Ra8 {[%clk 0:09:56]} Rd8 {[%clk 0:19:33]} 37. g3
{[%clk 0:08:04]} h6 {[%clk 0:19:32]} 38. Be2 {[%clk 0:08:15]} Kh7
{[%clk 0:18:42]} 39. Kg1 {[%clk 0:08:05]} Rc8 {[%clk 0:18:17]} 40. Be3
{[%clk 0:08:23]} Bf4 {[%clk 0:15:46]} 41. Ra3 {[%clk 0:08:50]} Bxe3+
{[%clk 0:16:07]} 42. Rxe3 {[%clk 0:09:17]} Kg8 {[%clk 0:16:11]} 43. g4
{[%clk 0:09:39]} Bg6 {[%clk 0:16:33]} 44. Kf2 {[%clk 0:09:57]} Kf7
{[%clk 0:16:56]} 45. Ra3 {[%clk 0:09:21]} Rc7 {[%clk 0:17:06]} 46. Ke3
{[%clk 0:09:18]} Bh7 {[%clk 0:15:43]} 47. h4 {[%clk 0:09:00]} Ke7
{[%clk 0:14:51]} 48. Kf4 {[%clk 0:08:45]} Kd6 {[%clk 0:12:58]} 49. Ke3
{[%clk 0:08:12]} Rb7 {[%clk 0:11:19]} 50. Bd1 {[%clk 0:07:46]} Kc5
{[%clk 0:10:40]} 51. Rc3+ {[%clk 0:07:30]} Kd6 {[%clk 0:11:08]} 52. Ra3
{[%clk 0:07:54]} Bg6 {[%clk 0:10:38]} 53. Ra6+ {[%clk 0:07:16]} Ke7
{[%clk 0:09:44]} 54. Bc2 {[%clk 0:06:42]} Bh7 {[%clk 0:09:27]} 55. Ra4
{[%clk 0:06:56]} f5 {[%clk 0:08:57]} 56. gxf5 {[%clk 0:07:00]} Bxf5
{[%clk 0:09:19]} 57. Bxe4 {[%clk 0:07:01]} Bxe4 {[%clk 0:09:03]} 58. Kxe4
{[%clk 0:07:01]} Rb5 {[%clk 0:09:16]} 59. Kf4 {[%clk 0:07:11]} Kf6
{[%clk 0:09:04]} 60. Ra6+ {[%clk 0:07:24]} Kf7 {[%clk 0:09:33]} 61. Kg4
{[%clk 0:06:42]} Rb4+ {[%clk 0:09:57]} 62. Kg3 {[%clk 0:06:40]} Re4
{[%clk 0:10:22]} 63. Ra5 {[%clk 0:06:32]} Kf6 {[%clk 0:09:44]} 64. Rb5
{[%clk 0:06:24]} Re5 {[%clk 0:08:18]} 65. Rb3 {[%clk 0:06:38]} Kg6
{[%clk 0:08:06]} 66. Ra3 {[%clk 0:06:25]} Kh5 {[%clk 0:07:28]} 67. Rb3
{[%clk 0:06:37]} Kg6 {[%clk 0:07:26]} 68. Ra3 {[%clk 0:06:51]} Kf5
{[%clk 0:07:55]} 69. Rb3 {[%clk 0:06:50]} Re7 {[%clk 0:07:26]} 70. Rb5+
{[%clk 0:06:49]} Re5 {[%clk 0:07:51]} 71. Rb3 {[%clk 0:07:15]} Re1
{[%clk 0:08:16]} 72. Rb5+ {[%clk 0:07:23]} Re5 {[%clk 0:06:31]} 73. Rb3
{[%clk 0:07:45]} Kg6 {[%clk 0:06:22]} 74. Ra3 {[%clk 0:07:58]} Kh5
{[%clk 0:06:47]} 75. Rb3 {[%clk 0:08:23]} Re4 {[%clk 0:07:07]} 76. Rb5+
{[%clk 0:08:47]} g5 {[%clk 0:07:36]} 77. hxg5 {[%clk 0:09:09]} hxg5
{[%clk 0:08:05]} 78. Rb3 {[%clk 0:09:18]} Re1 {[%clk 0:08:29]} 79. Kg2
{[%clk 0:08:44]} Rc1 {[%clk 0:08:17]} 80. Ra3 {[%clk 0:08:58]} Kh4
{[%clk 0:08:27]} 81. Ra4+ {[%clk 0:08:06]} g4 {[%clk 0:08:40]} 82. Ra3
{[%clk 0:08:25]} Rc2+ {[%clk 0:09:01]} 83. Kg1 {[%clk 0:08:08]} Rb2
{[%clk 0:08:56]} 84. Rc3 {[%clk 0:07:35]} Rb1+ {[%clk 0:09:21]} 85. Kg2
{[%clk 0:07:47]} Rb2+ {[%clk 0:09:44]} 86. Kg1 {[%clk 0:08:13]} Kg5
{[%clk 0:09:40]} 87. Rc5+ {[%clk 0:08:35]} Kf4 {[%clk 0:09:56]} 88. Rc4+
{[%clk 0:09:00]} Kg3 {[%clk 0:10:09]} 89. Rc3+ {[%clk 0:09:24]} Kh4
{[%clk 0:10:30]} 90. Ra3 {[%clk 0:09:50]} Re2 {[%clk 0:10:15]} 91. Rb3
{[%clk 0:09:58]} g3 {[%clk 0:10:20]} 92. Rb8 {[%clk 0:10:05]} 1/2-1/2